Spacecraft thermal control handbook. (Record no. 559963)
[ view plain ]
| 000 -LEADER | |
|---|---|
| fixed length control field | 00371nam a2200121Ia 4500 |
| 008 - FIXED-LENGTH DATA ELEMENTS--GENERAL INFORMATION | |
| fixed length control field | 210428s9999 xx 000 0 und d |
| 020 ## - INTERNATIONAL STANDARD BOOK NUMBER | |
| International Standard Book Number | 1884989144 (hardcover) | 97818 |
| 082 ## - DEWEY DECIMAL CLASSIFICATION NUMBER | |
| Classification number | 629.474 S7321 S |
| 245 #0 - TITLE STATEMENT | |
| Title | Spacecraft thermal control handbook. |
| 260 ## - PUBLICATION, DISTRIBUTION, ETC. | |
| Name of publisher, distributor, etc. | AIAA (American Institute of Aeronautics & Ast, |
| Place of publication, distribution, etc. | [S.l.] : |
| Date of publication, distribution, etc. | 2003 |
| 300 ## - PHYSICAL DESCRIPTION | |
| Extent | 641 p. ;24 cm. |
| 942 ## - ADDED ENTRY ELEMENTS (KOHA) | |
| Koha item type | Book |
| Withdrawn status | Lost status | Damaged status | Not for loan | Permanent Location | Current Location | Date acquired | Total Checkouts | Full call number | Barcode | Date last seen | Date last checked out | Price effective from | Koha item type |
|---|---|---|---|---|---|---|---|---|---|---|---|---|---|
| School of Chemical & Materials Engineering (SCME) | School of Chemical & Materials Engineering (SCME) | 1 | 629.474 S7321 S | SCME-111 | 02/11/2026 | 01/28/2026 | 04/28/2021 | Book |
